Statistiken für Zufällige 25k+ Städte in Deutschland auf einer Karte

Klicken Sie hier um das Quiz zu spielen!

Allgemein

  • Dieses Quiz wurde 2.518 mal gespielt
  • Das Durchschnittsergebnis liegt bei 10 aus 20

Antworten auf der Karte

Die Antworten werden auf der Karte rot bzw. grün angezeigt, abhängig davon wie oft sie richtig erraten wurden.
 

Antwortstatistiken

BundeslandBevölkerungAntwort% Korrekt
Bayern71.002Aschaffenburg
100%
Bayern296.582Augsburg
100%
Hessen34.216Bad Vilbel
100%
Hessen40.756Bensheim
100%
Berlin3.669.491Berlin
100%
Niedersachsen249.406Braunschweig
100%
Bremen567.559Bremen
100%
Sachsen246.334Chemnitz
100%
Niedersachsen48.164Cuxhaven
100%
Nordrhein-Westfalen588.250Dortmund
100%
Sachsen556.780Dresden
100%
Nordrhein-Westfalen498.686Duisburg
100%
Nordrhein-Westfalen582.760Essen
100%
Baden-Württemberg45.669Fellbach
100%
Schleswig-Holstein90.164Flensburg
100%
Bayern32.260Forchheim
100%
Hessen763.380Frankfurt am Main
100%
Hamburg1.847.253Hamburg
100%
Rheinland-Pfalz100.030Kaiserslautern
100%
Sachsen28.282Meißen
100%
Bayern1.484.226München
100%
Bayern58.978Neu-Ulm
100%
Bayern518.370Nürnberg
100%
Bayern52.803Passau
100%
Bayern63.551Rosenheim
100%
Saarland180.374Saarbrücken
100%
Baden-Württemberg635.911Stuttgart
100%
Baden-Württemberg126.790Ulm
100%
Hessen278.474Wiesbaden
100%
Niedersachsen52.165Wolfenbüttel
100%
Bremen113.643Bremerhaven
93%
Nordrhein-Westfalen1.087.863Köln
91%
Schleswig-Holstein246.794Kiel
90%
Sachsen593.145Leipzig
90%
Niedersachsen169.077Oldenburg
89%
Nordrhein-Westfalen334.195Bielefeld
88%
Schleswig-Holstein216.530Lübeck
88%
Hessen202.137Kassel
86%
Nordrhein-Westfalen315.293Münster
86%
Sachsen38.425Bautzen
83%
Niedersachsen118.911Göttingen
83%
Sachsen-Anhalt238.762Halle
83%
Bayern137.392Ingolstadt
83%
Baden-Württemberg84.911Konstanz
83%
Baden-Württemberg125.957Pforzheim
83%
Mecklenburg-Vorpommern59.418Stralsund
83%
Nordrhein-Westfalen248.960Aachen
80%
Brandenburg72.184Brandenburg an der Havel
80%
Nordrhein-Westfalen621.877Düsseldorf
80%
Thüringen42.250Eisenach
80%
Bayern45.825Hof
80%
Rheinland-Pfalz114.052Koblenz
80%
Rheinland-Pfalz218.578Mainz
80%
Niedersachsen165.251Osnabrück
80%
Niedersachsen33.536Uelzen
80%
Sachsen-Anhalt237.565Magdeburg
78%
Hessen130.280Offenbach am Main
78%
Niedersachsen42.040Aurich
75%
Bayern77.373Bamberg
75%
Bayern74.783Bayreuth
75%
Niedersachsen30.689Einbeck
75%
Nordrhein-Westfalen37.753Greven
75%
Thüringen111.343Jena
75%
Baden-Württemberg312.060Karlsruhe
75%
Bayern69.151Kempten (Allgäu)
75%
Nordrhein-Westfalen227.417Krefeld
75%
Nordrhein-Westfalen261.034Mönchengladbach
75%
Nordrhein-Westfalen151.633Paderborn
75%
Brandenburg180.334Potsdam
75%
Baden-Württemberg50.897Ravensburg
75%
Baden-Württemberg33.083Rheinfelden
75%
Mecklenburg-Vorpommern209.191Rostock
75%
Mecklenburg-Vorpommern59.232Greifswald
73%
Nordrhein-Westfalen329.673Bonn
71%
Nordrhein-Westfalen259.645Gelsenkirchen
71%
Baden-Württemberg126.592Heilbronn
71%
Niedersachsen54.708Lingen
71%
Rheinland-Pfalz172.253Ludwigshafen am Rhein
71%
Rheinland-Pfalz111.528Trier
71%
Hessen68.635Fulda
69%
Niedersachsen69.540Celle
67%
Brandenburg99.678Cottbus
67%
Bayern47.721Dachau
67%
Brandenburg57.751Frankfurt an der Oder
67%
Hessen89.802Gießen
67%
Niedersachsen57.434Hameln
67%
Baden-Württemberg161.485Heidelberg
67%
Bayern44.398Kaufbeuren
67%
Bayern73.411Landshut
67%
Hessen77.129Marburg
67%
Bayern40.277Neumarkt in der Oberpfalz
67%
Schleswig-Holstein80.196Neumünster
67%
Saarland46.179Neunkirchen
67%
Nordrhein-Westfalen153.896Neuss
67%
Baden-Württemberg115.865Reutlingen
67%
Nordrhein-Westfalen159.245Solingen
67%
Rheinland-Pfalz50.561Speyer
67%
Thüringen65.228Weimar
67%
Nordrhein-Westfalen36.347Wesseling
67%
Niedersachsen35.227Winsen
67%
Nordrhein-Westfalen355.100Wuppertal
67%
Hessen27.755Baunatal
63%
Thüringen213.981Erfurt
63%
Schleswig-Holstein30.688Geesthacht
63%
Niedersachsen50.554Goslar
63%
Baden-Württemberg49.573Heidenheim an der Brenz
63%
Nordrhein-Westfalen73.456Arnsberg
60%
Niedersachsen40.193Buxtehude
60%
Nordrhein-Westfalen74.254Detmold
60%
Nordrhein-Westfalen46.657Dülmen
60%
Niedersachsen49.913Emden
60%
Sachsen55.980Görlitz
60%
Niedersachsen536.925Hannover
60%
Nordrhein-Westfalen163.729Leverkusen
60%
Rheinland-Pfalz53.264Neustadt an der Weinstraße
60%
Nordrhein-Westfalen25.119Petershagen
60%
Schleswig-Holstein43.667Pinneberg
60%
Rheinland-Pfalz40.231Pirmasens
60%
Nordrhein-Westfalen102.770Siegen
60%
Thüringen36.789Suhl
60%
Baden-Württemberg91.506Tübingen
60%
Bayern42.743Weiden in der Oberpfalz
60%
Bayern127.934Würzburg
60%
Baden-Württemberg33.265Biberach an der Riß
57%
Nordrhein-Westfalen73.343Castrop-Rauxel
57%
Hessen159.878Darmstadt
57%
Bayern112.528Erlangen
57%
Bayern49.126Freising
57%
Nordrhein-Westfalen59.731Hürth
57%
Sachsen29.754Riesa
57%
Baden-Württemberg40.538Schwäbisch Hall
57%
Niedersachsen32.863Vechta
57%
Brandenburg26.412Werder
57%
Schleswig-Holstein49.983Elmshorn
56%
Thüringen93.125Gera
56%
Niedersachsen30.816Weyhe
56%
Nordrhein-Westfalen39.381Ahaus
50%
Schleswig-Holstein33.728Ahrensburg
50%
Bayern42.207Amberg
50%
Nordrhein-Westfalen25.812Bad Honnef
50%
Nordrhein-Westfalen111.846Bergisch Gladbach
50%
Rheinland-Pfalz25.899Bingen am Rhein
50%
Sachsen-Anhalt38.159Bitterfeld-Wolfen
50%
Nordrhein-Westfalen365.587Bochum
50%
Nordrhein-Westfalen44.126Brühl
50%
Niedersachsen39.729Buchholz in der Nordheide
50%
Nordrhein-Westfalen34.596Datteln
50%
Hessen34.298Dietzenbach
50%
Nordrhein-Westfalen74.704Dorsten
50%
Brandenburg40.699Eberswalde
50%
Nordrhein-Westfalen56.482Eschweiler
50%
Brandenburg43.994Falkensee
50%
Baden-Württemberg61.283Friedrichshafen
50%
Baden-Württemberg57.813Göppingen
50%
Nordrhein-Westfalen30.406Haan
50%
Nordrhein-Westfalen188.686Hagen
50%
Nordrhein-Westfalen47.290Hennef
50%
Nordrhein-Westfalen156.449Herne
50%
Nordrhein-Westfalen40.245Hückelhoven
50%
Thüringen38.891Ilmenau
50%
Nordrhein-Westfalen31.122Kreuztal
50%
Niedersachsen41.606Laatzen
50%
Bayern29.228Landsberg am Lech
50%
Baden-Württemberg48.848Leonberg
50%
Brandenburg26.800Ludwigsfelde
50%
Baden-Württemberg26.528Neckarsulm
50%
Niedersachsen29.098Northeim
50%
Niedersachsen30.256Osterholz-Scharmbeck
50%
Nordrhein-Westfalen27.100Overath
50%
Niedersachsen49.990Peine
50%
Baden-Württemberg49.918Rastatt
50%
Schleswig-Holstein27.950Reinbek
50%
Nordrhein-Westfalen111.338Remscheid
50%
Baden-Württemberg26.539Remseck am Neckar
50%
Schleswig-Holstein28.896Rendsburg
50%
Nordrhein-Westfalen26.986Rheinbach
50%
Saarland34.522Saarlouis
50%
Niedersachsen104.291Salzgitter
50%
Mecklenburg-Vorpommern95.653Schwerin
50%
Nordrhein-Westfalen41.554Siegburg
50%
Baden-Württemberg47.643Singen
50%
Baden-Württemberg35.399Sinsheim
50%
Niedersachsen47.703Stade
50%
Saarland35.427St. Ingbert
50%
Bayern47.791Straubing
50%
Nordrhein-Westfalen28.169Wegberg
50%
Sachsen-Anhalt32.534Wernigerode
50%
Niedersachsen76.089Wilhelmshaven
50%
Mecklenburg-Vorpommern42.963Wismar
50%
Nordrhein-Westfalen96.459Witten
50%
Bayern25.588Zirndorf
50%
Bayern27.215Garmisch-Partenkirchen
44%
Thüringen45.419Gotha
44%
Hessen27.473Griesheim
44%
Bayern25.512Lindau
44%
Nordrhein-Westfalen84.067Marl
44%
Nordrhein-Westfalen81.716Minden
44%
Mecklenburg-Vorpommern63.761Neubrandenburg
44%
Saarland25.809St. Wendel
44%
Hessen34.315Viernheim
44%
Sachsen25.086Zittau
44%
Sachsen88.690Zwickau
44%
Baden-Württemberg43.227Bietigheim-Bissingen
43%
Bayern36.437Erding
43%
Bayern37.004Fürstenfeldbruck
43%
Nordrhein-Westfalen66.638Herford
43%
Niedersachsen37.766Papenburg
43%
Bayern153.094Regensburg
43%
Brandenburg26.902Teltow
43%
Nordrhein-Westfalen77.102Viersen
43%
Rheinland-Pfalz83.542Worms
43%
Baden-Württemberg25.642Achern
40%
Thüringen31.633Altenburg
40%
Hessen54.227Bad Homburg vor der Höhe
40%
Niedersachsen28.896Bad Zwischenahn
40%
Nordrhein-Westfalen48.740Bergkamen
40%
Brandenburg27.939Blankenfelde-Mahlow
40%
Niedersachsen31.141Bramsche
40%
Baden-Württemberg28.864Bühl
40%
Sachsen40.657Freiberg
40%
Baden-Württemberg231.195Freiburg im Breisgau
40%
Brandenburg31.965Fürstenwalde
40%
Bayern128.497Fürth
40%
Hessen96.492Hanau
40%
Saarland41.875Homburg
40%
Bayern25.866Kulmbach
40%
Baden-Württemberg47.201Lahr
40%
Bayern26.483Lauf an der Pegnitz
40%
Hessen35.514Limburg an der Lahn
40%
Nordrhein-Westfalen25.541Lübbecke
40%
Niedersachsen35.313Meppen
40%
Saarland29.795Merzig
40%
Nordrhein-Westfalen40.948Monheim am Rhein
40%
Hessen28.652Mühlheim am Main
40%
Schleswig-Holstein79.357Norderstedt
40%
Baden-Württemberg39.775Schorndorf
40%
Nordrhein-Westfalen74.953Troisdorf
40%
Saarland39.517Völklingen
40%
Baden-Württemberg30.150Weil am Rhein
40%
Niedersachsen41.477Wunstorf
40%
Baden-Württemberg50.161Böblingen
38%
Nordrhein-Westfalen117.565Bottrop
38%
Nordrhein-Westfalen91.216Düren
38%
Brandenburg26.283Hohen Neuendorf
38%
Nordrhein-Westfalen51.822Ibbenbüren
38%
Brandenburg30.785Neuruppin
38%
Bayern40.981Schwabach
38%
Bayern41.798Ansbach
33%
Baden-Württemberg55.185Baden-Baden
33%
Hessen32.447Bad Nauheim
33%
Hessen26.432Butzbach
33%
Niedersachsen35.451Cloppenburg
33%
Bayern41.072Coburg
33%
Nordrhein-Westfalen36.257Coesfeld
33%
Nordrhein-Westfalen36.029Emsdetten
33%
Baden-Württemberg94.145Esslingen am Neckar
33%
Baden-Württemberg46.083Filderstadt
33%
Niedersachsen31.360Ganderkesee
33%
Niedersachsen31.756Georgsmarienhütte
33%
Bayern40.399Germering
33%
Nordrhein-Westfalen179.916Hamm
33%
Niedersachsen101.693Hildesheim
33%
Nordrhein-Westfalen37.596Kamp-Lintfort
33%
Baden-Württemberg36.664Kehl
33%
Nordrhein-Westfalen34.858Lage
33%
Rheinland-Pfalz46.881Landau in der Pfalz
33%
Baden-Württemberg310.658Mannheim
33%
Bayern44.100Memmingen
33%
Nordrhein-Westfalen38.757Mettmann
33%
Sachsen-Anhalt32.155Naumburg
33%
Nordrhein-Westfalen42.496Nettetal
33%
Rheinland-Pfalz64.765Neuwied
33%
Niedersachsen31.448Nienburg
33%
Niedersachsen26.139Nordenham
33%
Niedersachsen53.711Nordhorn
33%
Baden-Württemberg59.967Offenburg
33%
Sachsen38.422Pirna
33%
Nordrhein-Westfalen35.631Porta Westfalica
33%
Sachsen33.894Radebeul
33%
Nordrhein-Westfalen111.397Recklinghausen
33%
Nordrhein-Westfalen48.644Rheda-Wiedenbrück
33%
Hessen28.249Rödermark
33%
Nordrhein-Westfalen55.847Sankt Augustin
33%
Schleswig-Holstein25.416Schleswig
33%
Bayern29.130Schwandorf
33%
Nordrhein-Westfalen46.195Schwerte
33%
Baden-Württemberg64.905Sindelfingen
33%
Nordrhein-Westfalen34.325Steinfurt
33%
Nordrhein-Westfalen56.466Stolberg
33%
Hessen30.050Taunusstein
33%
Nordrhein-Westfalen29.336Tönisvorst
33%
Niedersachsen27.706Verden
33%
Baden-Württemberg85.707Villingen-Schwenningen
33%
Baden-Württemberg55.604Waiblingen
33%
Hessen52.955Wetzlar
33%
Niedersachsen124.371Wolfsburg
33%
Baden-Württemberg68.393Aalen
30%
Brandenburg26.853Strausberg
30%
Nordrhein-Westfalen58.936Unna
30%
Nordrhein-Westfalen48.321Bornheim
29%
Niedersachsen77.559Delmenhorst
29%
Hessen42.102Dreieich
29%
Bayern29.979Friedberg
29%
Nordrhein-Westfalen46.375Herzogenrath
29%
Hessen39.647Hofheim am Taunus
29%
Baden-Württemberg40.783Kirchheim unter Teck
29%
Bayern28.059Königsbrunn
29%
Nordrhein-Westfalen40.619Lemgo
29%
Niedersachsen75.711Lüneburg
29%
Nordrhein-Westfalen56.415Meerbusch
29%
Sachsen-Anhalt33.873Merseburg
29%
Nordrhein-Westfalen103.902Moers
29%
Niedersachsen25.424Rinteln
29%
Nordrhein-Westfalen25.925Selm
29%
Baden-Württemberg36.102Tuttlingen
29%
Baden-Württemberg45.465Albstadt
25%
Hessen29.944Bad Hersfeld
25%
Rheinland-Pfalz28.468Bad Neuenahr-Ahrweiler
25%
Nordrhein-Westfalen36.815Beckum
25%
Baden-Württemberg34.536Crailsheim
25%
Bayern33.721Deggendorf
25%
Baden-Württemberg27.977Emmendingen
25%
Nordrhein-Westfalen58.381Euskirchen
25%
Niedersachsen61.032Garbsen
25%
Nordrhein-Westfalen34.205Goch
25%
Nordrhein-Westfalen100.861Gütersloh
25%
Sachsen-Anhalt40.329Halberstadt
25%
Nordrhein-Westfalen42.236Heinsberg
25%
Baden-Württemberg25.082Horb am Neckar
25%
Nordrhein-Westfalen92.174Iserlohn
25%
Nordrhein-Westfalen34.514Kempen
25%
Nordrhein-Westfalen52.388Kleve
25%
Niedersachsen54.652Langenhagen
25%
Nordrhein-Westfalen25.308Lennestadt
25%
Nordrhein-Westfalen72.313Lüdenscheid
25%
Nordrhein-Westfalen29.786Meschede
25%
Nordrhein-Westfalen38.667Niederkassel
25%
Brandenburg44.862Oranienburg
25%
Sachsen64.597Plauen
25%
Baden-Württemberg31.496Radolfzell am Bodensee
25%
Nordrhein-Westfalen87.520Ratingen
25%
Baden-Württemberg43.843Rottenburg am Neckar
25%
Hessen65.881Rüsselsheim am Main
25%
Nordrhein-Westfalen47.514Soest
25%
Sachsen-Anhalt40.192Weißenfels
25%
Nordrhein-Westfalen60.230Wesel
25%
Baden-Württemberg26.799Wiesloch
25%
Sachsen-Anhalt45.752Wittenberg
25%
Rheinland-Pfalz34.193Zweibrücken
25%
Baden-Württemberg31.738Herrenberg
22%
Brandenburg37.639Königs Wusterhausen
22%
Hessen34.891Mörfelden-Walldorf
22%
Rheinland-Pfalz29.922Andernach
20%
Nordrhein-Westfalen48.604Bad Oeynhausen
20%
Nordrhein-Westfalen27.093Baesweiler
20%
Nordrhein-Westfalen61.601Bergheim
20%
Nordrhein-Westfalen71.113Bocholt
20%
Nordrhein-Westfalen42.629Borken
20%
Nordrhein-Westfalen43.206Erkelenz
20%
Nordrhein-Westfalen43.992Erkrath
20%
Baden-Württemberg39.373Ettlingen
20%
Niedersachsen30.847Geestland
20%
Nordrhein-Westfalen30.701Gevelsberg
20%
Nordrhein-Westfalen75.610Gladbeck
20%
Hessen26.097Heppenheim
20%
Nordrhein-Westfalen33.251Korschenbroich
20%
Baden-Württemberg49.291Lörrach
20%
Baden-Württemberg93.584Ludwigsburg
20%
Nordrhein-Westfalen210.764Oberhausen
20%
Nordrhein-Westfalen25.161Wiehl
20%
Brandenburg40.031Bernau bei Berlin
17%
Hessen29.401Friedberg
17%
Baden-Württemberg29.884Gaggenau
17%
Nordrhein-Westfalen27.470Geilenkirchen
17%
Nordrhein-Westfalen63.743Grevenbroich
17%
Nordrhein-Westfalen26.345Heiligenhaus
17%
Schleswig-Holstein28.104Henstedt-Ulzburg
17%
Sachsen32.405Hoyerswerda
17%
Schleswig-Holstein31.803Itzehoe
17%
Nordrhein-Westfalen66.702Kerpen
17%
Nordrhein-Westfalen41.277Königswinter
17%
Baden-Württemberg33.825Kornwestheim
17%
Niedersachsen34.786Leer
17%
Niedersachsen46.588Melle
17%
Bayern29.793Neuburg an der Donau
17%
Bayern26.124Pfaffenhofen an der Ilm
17%
Thüringen29.278Saalfeld
17%
Niedersachsen29.013Springe
17%
Sachsen-Anhalt39.103Stendal
17%
Niedersachsen33.611Stuhr
17%
Nordrhein-Westfalen27.392Wetter
17%
Thüringen27.314Arnstadt
14%
Baden-Württemberg37.348Backnang
14%
Rheinland-Pfalz51.170Bad Kreuznach
14%
Nordrhein-Westfalen54.254Bad Salzuflen
14%
Baden-Württemberg34.332Balingen
14%
Sachsen-Anhalt32.573Bernburg
14%
Nordrhein-Westfalen52.439Frechen
14%
Sachsen39.703Freital
14%
Nordrhein-Westfalen54.438Hattingen
14%
Rheinland-Pfalz35.193Ingelheim am Rhein
14%
Nordrhein-Westfalen170.632Mülheim an der Ruhr
14%
Baden-Württemberg39.312Ostfildern
14%
Nordrhein-Westfalen76.218Rheine
14%
Nordrhein-Westfalen29.545Rietberg
14%
Bayern25.238Roth
14%
Bayern53.426Schweinfurt
14%
Nordrhein-Westfalen27.725Sundern
14%
Nordrhein-Westfalen29.717Werne
14%
Nordrhein-Westfalen67.373Dinslaken
13%
Sachsen28.173Grimma
13%
Nordrhein-Westfalen29.238Oelde
13%
Nordrhein-Westfalen28.631Rösrath
13%
Nordrhein-Westfalen81.842Velbert
13%
Nordrhein-Westfalen29.328Waltrop
13%
Hessen26.052Weiterstadt
13%
Nordrhein-Westfalen28.537Schwelm
11%
Bayern25.285Unterhaching
11%
Nordrhein-Westfalen36.017Voerde
11%
Niedersachsen26.935Lohne
10%
Nordrhein-Westfalen31.421Oer-Erkenschwick
10%
Nordrhein-Westfalen25.237Plettenberg
10%
Nordrhein-Westfalen54.194Pulheim
10%
Hessen45.719Rodgau
10%
Niedersachsen31.923Achim
9%
Niedersachsen30.727Burgdorf
9%
Nordrhein-Westfalen28.000Leichlingen
8%
Hessen25.096Pfungstadt
8%
Nordrhein-Westfalen52.503Ahlen
0%
Nordrhein-Westfalen47.149Alsdorf
0%
Sachsen-Anhalt27.012Aschersleben
0%
Niedersachsen34.187Barsinghausen
0%
Baden-Württemberg29.566Bretten
0%
Nordrhein-Westfalen25.451Brilon
0%
Baden-Württemberg44.776Bruchsal
0%
Nordrhein-Westfalen45.187Bünde
0%
Nordrhein-Westfalen31.989Delbrück
0%
Sachsen-Anhalt80.103Dessau-Roßlau
0%
Nordrhein-Westfalen64.340Dormagen
0%
Baden-Württemberg26.293Ehingen
0%
Nordrhein-Westfalen30.961Emmerich am Rhein
0%
Nordrhein-Westfalen30.142Ennepetal
0%
Nordrhein-Westfalen50.010Erftstadt
0%
Rheinland-Pfalz48.762Frankenthal
0%
Hessen25.234Friedrichsdorf
0%
Baden-Württemberg28.328Geislingen an der Steige
0%
Nordrhein-Westfalen33.730Geldern
0%
Bayern25.438Geretsried
0%
Niedersachsen42.837Gifhorn
0%
Nordrhein-Westfalen48.321Gronau
0%
Hessen25.559Groß-Gerau
0%
Nordrhein-Westfalen50.952Gummersbach
0%
Mecklenburg-Vorpommern29.083Güstrow
0%
Nordrhein-Westfalen37.850Haltern am See
0%
Nordrhein-Westfalen26.858Hamminkeln
0%
Nordrhein-Westfalen25.163Harsewinkel
0%
Hessen27.674Hattersheim am Main
0%
Niedersachsen25.712Helmstedt
0%
Nordrhein-Westfalen34.062Hemer
0%
Brandenburg26.345Hennigsdorf
0%
Nordrhein-Westfalen61.821Herten
0%
Nordrhein-Westfalen55.625Hilden
0%
Nordrhein-Westfalen28.808Höxter
0%
Rheinland-Pfalz28.520Idar-Oberstein
0%
Nordrhein-Westfalen32.653Jülich
0%
Nordrhein-Westfalen43.493Kaarst
0%
Nordrhein-Westfalen43.023Kamen
0%
Hessen29.075Kelkheim
0%
Nordrhein-Westfalen28.087Kevelaer
0%
Sachsen-Anhalt25.641Köthen
0%
Hessen32.598Lampertheim
0%
Hessen38.229Langen
0%
Nordrhein-Westfalen59.178Langenfeld
0%
Niedersachsen44.030Lehrte
0%
Baden-Württemberg27.044Leimen
0%
Baden-Württemberg40.165Leinfelden-Echterdingen
0%
Nordrhein-Westfalen67.952Lippstadt
0%
Nordrhein-Westfalen30.453Lohmar
0%
Nordrhein-Westfalen39.915Löhne
0%
Nordrhein-Westfalen86.348Lünen
0%
Hessen39.553Maintal
0%
Nordrhein-Westfalen27.714Mechernich
0%
Nordrhein-Westfalen52.608Menden
0%
Baden-Württemberg26.130Mühlacker
0%
Thüringen36.090Mühlhausen
0%
Hessen38.105Neu-Isenburg
0%
Nordrhein-Westfalen27.187Neukirchen-Vluyn
0%
Niedersachsen44.386Neustadt am Rübenberge
0%
Thüringen41.726Nordhausen
0%
Baden-Württemberg41.223Nürtingen
0%
Hessen46.545Oberursel
0%
Bayern27.985Olching
0%
Nordrhein-Westfalen30.854Rheinberg
0%
Baden-Württemberg25.182Rottweil
0%
Sachsen-Anhalt25.963Sangerhausen
0%
Nordrhein-Westfalen26.872Schloß Holte-Stukenbrock
0%
Sachsen-Anhalt30.532Schönebeck
0%
Baden-Württemberg61.137Schwäbisch Gmünd
0%
Brandenburg29.680Schwedt
0%
Niedersachsen34.401Seelze
0%
Niedersachsen41.591Seevetal
0%
Bayern28.950Unterschleißheim
0%
Baden-Württemberg29.547Vaihingen an der Enz
0%
Nordrhein-Westfalen25.318Verl
0%
Niedersachsen30.081Walsrode
0%
Baden-Württemberg26.917Wangen im Allgäu
0%
Nordrhein-Westfalen37.157Warendorf
0%
Schleswig-Holstein33.708Wedel
0%
Niedersachsen29.582Wedemark
0%
Baden-Württemberg25.155Weingarten
0%
Baden-Württemberg45.425Weinheim
0%
Baden-Württemberg27.082Weinstadt
0%
Nordrhein-Westfalen30.767Werl
0%
Nordrhein-Westfalen34.719Wermelskirchen
0%
Nordrhein-Westfalen50.391Willich
0%
Baden-Württemberg28.240Winnenden
0%
Nordrhein-Westfalen38.756Würselen
0%
Sachsen-Anhalt27.601Zeitz
0%

Verteilung der Resultate

Perzentil nach korrekt beantworteten Fragen

Anzahl Personen mit jedem Resultat

Ihre Resultats-Entwicklung

Sie haben dieses Quiz noch nicht gespielt